中国所有的县级市(包括台湾省) - Statistics

General Stats
  • This quiz has been taken 15 times
  • The average score is 199 of 397
Answer Stats
省级 县级市 % Correct
江苏 江阴
91%
黑龙江 五大连池
82%
江苏 昆山
82%
浙江 海宁
82%
台湾 嘉义
82%
辽宁 瓦房店
73%
江苏 宜兴
73%
江苏 新沂
73%
江苏 张家港
73%
江苏 太仓
73%
江苏 启东
73%
江苏 扬中
73%
浙江 余姚
73%
浙江 龙港
73%
浙江 义乌
73%
浙江 东阳
73%
浙江 温岭
73%
浙江 临海
73%
浙江 玉环
73%
福建 晋江
73%
山东 荣成
73%
河南 新郑
73%
新疆 昌吉
73%
新疆 博乐
73%
新疆 库尔勒
73%
新疆 阿克苏
73%
新疆 和田
73%
新疆 奎屯
73%
新疆 塔城
73%
新疆 阿勒泰
73%
新疆 石河子
73%
新疆 阿拉尔
73%
新疆 北屯
73%
新疆 昆玉
73%
台湾 新竹
73%
河北 滦州
64%
河北 定州
64%
河北 高碑店
64%
河北 黄骅
64%
河北 三河
64%
山西 侯马
64%
内蒙古 满洲里
64%
内蒙古 乌兰浩特
64%
内蒙古 阿尔山
64%
内蒙古 二连浩特
64%
吉林 公主岭
64%
黑龙江 抚远
64%
黑龙江 绥芬河
64%
江苏 邳州
64%
江苏 溧阳
64%
江苏 常熟
64%
江苏 海安
64%
江苏 东台
64%
江苏 仪征
64%
江苏 高邮
64%
江苏 丹阳
64%
江苏 句容
64%
江苏 靖江
64%
江苏 泰兴
64%
浙江 慈溪
64%
浙江 乐清
64%
浙江 桐乡
64%
浙江 诸暨
64%
浙江 兰溪
64%
安徽 无为
64%
安徽 天长
64%
福建 福清
64%
福建 石狮
64%
福建 南安
64%
福建 武夷山
64%
福建 福安
64%
福建 福鼎
64%
江西 共青城
64%
江西 庐山
64%
江西 瑞金
64%
江西 丰城
64%
山东 胶州
64%
山东 龙口
64%
山东 莱州
64%
山东 招远
64%
山东 寿光
64%
山东 肥城
64%
河南 舞钢
64%
河南 林州
64%
湖北 丹江口
64%
湖北 石首
64%
湖北 武穴
64%
湖北 赤壁
64%
湖北 恩施
64%
湖南 宁乡
64%
湖南 邵东
64%
湖南 资兴
64%
湖南 冷水江
64%
湖南 吉首
64%
广东 开平
64%
广东 化州
64%
广东 四会
64%
广东 英德
64%
广东 普宁
64%
海南 琼海
64%
海南 文昌
64%
海南 万宁
64%
海南 东方
64%
四川 都江堰
64%
四川 简阳
64%
四川 绵竹
64%
四川 江油
64%
四川 峨眉山
64%
四川 马尔康
64%
四川 康定
64%
四川 西昌
64%
贵州 仁怀
64%
贵州 兴义
64%
贵州 凯里
64%
贵州 都匀
64%
云南 蒙自
64%
云南 文山
64%
云南 景洪
64%
云南 大理
64%
云南 芒市
64%
云南 香格里拉
64%
陕西 神木
64%
甘肃 临夏
64%
新疆 阿拉山口
64%
新疆 喀什
64%
新疆 图木舒克
64%
新疆 五家渠
64%
新疆 铁门关
64%
新疆 胡杨河
64%
台湾 基隆
64%
河北 迁安
55%
河北 涿州
55%
河北 河间
55%
河北 霸州
55%
河北 深州
55%
内蒙古 额尔古纳
55%
辽宁 调兵山
55%
吉林 临江
55%
黑龙江 同江
55%
黑龙江 宁安
55%
黑龙江 嫩江
55%
江苏 如皋
55%
江苏 兴化
55%
浙江 建德
55%
浙江 瑞安
55%
浙江 平湖
55%
浙江 嵊州
55%
浙江 永康
55%
浙江 江山
55%
安徽 巢湖
55%
安徽 潜山
55%
山东 莱阳
55%
山东 海阳
55%
山东 高密
55%
河南 义马
55%
湖北 当阳
55%
湖北 老河口
55%
湖北 宜城
55%
湖北 松滋
55%
湖南 浏阳
55%
湖南 韶山
55%
广东 南雄
55%
广东 鹤山
55%
广东 雷州
55%
广东 高州
55%
广东 兴宁
55%
广东 阳春
55%
广西 横州
55%
广西 桂平
55%
广西 合山
55%
海南 五指山
55%
四川 彭州
55%
四川 邛崃
55%
四川 什邡
55%
四川 阆中
55%
四川 华蓥
55%
四川 万源
55%
贵州 赤水
55%
云南 宣威
55%
云南 澄江
55%
云南 水富
55%
云南 楚雄
55%
云南 瑞丽
55%
云南 泸水
55%
西藏 错那
55%
陕西 韩城
55%
甘肃 敦煌
55%
甘肃 合作
55%
青海 同仁
55%
青海 德令哈
55%
宁夏 灵武
55%
宁夏 青铜峡
55%
新疆 阜康
55%
新疆 库车
55%
新疆 阿图什
55%
新疆 伊宁
55%
新疆 双河
55%
新疆 可克达拉
55%
河北 遵化
45%
河北 沙河
45%
山西 原平
45%
山西 汾阳
45%
内蒙古 霍林郭勒
45%
内蒙古 牙克石
45%
内蒙古 扎兰屯
45%
内蒙古 锡林浩特
45%
辽宁 海城
45%
辽宁 东港
45%
辽宁 凤城
45%
辽宁 大石桥
45%
辽宁 凌源
45%
吉林 德惠
45%
吉林 梅河口
45%
吉林 集安
45%
吉林 延吉
45%
吉林 图们
45%
吉林 敦化
45%
吉林 珲春
45%
黑龙江 五常
45%
黑龙江 虎林
45%
黑龙江 富锦
45%
黑龙江 海林
45%
黑龙江 东宁
45%
黑龙江 海伦
45%
黑龙江 漠河
45%
安徽 桐城
45%
安徽 界首
45%
安徽 宁国
45%
安徽 广德
45%
福建 永安
45%
福建 漳平
45%
江西 龙南
45%
江西 樟树
45%
山东 平度
45%
山东 栖霞
45%
山东 青州
45%
山东 诸城
45%
山东 安丘
45%
山东 曲阜
45%
山东 邹城
45%
山东 乳山
45%
河南 巩义
45%
河南 荥阳
45%
河南 新密
45%
河南 登封
45%
河南 汝州
45%
河南 禹州
45%
河南 项城
45%
湖北 宜都
45%
湖北 枝江
45%
湖北 钟祥
45%
湖北 京山
45%
湖北 应城
45%
湖北 洪湖
45%
湖北 监利
45%
湖北 麻城
45%
湖北 利川
45%
湖北 仙桃
45%
湖北 潜江
45%
湖北 天门
45%
湖南 湘乡
45%
湖南 耒阳
45%
湖南 汨罗
45%
湖南 津市
45%
湖南 沅江
45%
广东 乐昌
45%
广东 台山
45%
广东 恩平
45%
广东 廉江
45%
广东 吴川
45%
广东 信宜
45%
广东 陆丰
45%
广东 连州
45%
广东 罗定
45%
广西 荔浦
45%
广西 东兴
45%
广西 凭祥
45%
四川 崇州
45%
四川 广汉
45%
四川 射洪
45%
贵州 盘州
45%
云南 安宁
45%
云南 腾冲
45%
云南 个旧
45%
西藏 米林
45%
陕西 华阴
45%
陕西 子长
45%
陕西 旬阳
45%
甘肃 玉门
45%
青海 玉树
45%
新疆 霍尔果斯
45%
新疆 乌苏
45%
河北 晋州
45%
河北 辛集
36%
河北 安国
36%
河北 泊头
36%
山西 怀仁
36%
山西 介休
36%
山西 霍州
36%
山西 孝义
36%
内蒙古 根河
36%
辽宁 庄河
36%
辽宁 凌海
36%
辽宁 盖州
36%
辽宁 灯塔
36%
吉林 桦甸
36%
吉林 洮南
36%
吉林 大安
36%
吉林 龙井
36%
黑龙江 尚志
36%
黑龙江 密山
36%
黑龙江 穆棱
36%
浙江 龙泉
36%
安徽 明光
36%
福建 建瓯
36%
江西 瑞昌
36%
江西 贵溪
36%
江西 井冈山
36%
江西 高安
36%
江西 德兴
36%
山东 莱西
36%
山东 滕州
36%
山东 昌邑
36%
山东 新泰
36%
山东 禹城
36%
山东 临清
36%
山东 邹平
36%
河南 辉县
36%
河南 长葛
36%
河南 灵宝
36%
河南 邓州
36%
河南 济源
36%
湖北 汉川
36%
湖北 广水
36%
湖南 临湘
36%
湖南 祁阳
36%
湖南 洪江
36%
广西 岑溪
36%
广西 北流
36%
贵州 黔西
36%
贵州 兴仁
36%
贵州 福泉
36%
青海 格尔木
36%
青海 茫崖
36%
新疆 沙湾
36%
河北 武安
27%
河北 南宫
27%
河北 平泉
27%
河北 任丘
27%
山西 古交
27%
山西 永济
27%
山西 河津
27%
内蒙古 丰镇
27%
辽宁 新民
27%
辽宁 开原
27%
辽宁 北票
27%
吉林 蛟河
27%
吉林 磐石
27%
吉林 扶余
27%
吉林 和龙
27%
黑龙江 讷河
27%
黑龙江 铁力
27%
黑龙江 北安
27%
黑龙江 肇东
27%
福建 邵武
27%
江西 乐平
27%
山东 乐陵
27%
河南 卫辉
27%
河南 长垣
27%
河南 沁阳
27%
河南 孟州
27%
河南 永城
27%
湖北 大冶
27%
湖北 枣阳
27%
湖北 安陆
27%
湖南 醴陵
27%
湖南 武冈
27%
湖南 涟源
27%
广西 靖西
27%
四川 隆昌
27%
贵州 清镇
27%
云南 禄丰
27%
云南 开远
27%
云南 弥勒
27%
甘肃 华亭
27%
河北 新乐
18%
山西 高平
18%
辽宁 北镇
18%
辽宁 兴城
18%
吉林 榆树
18%
吉林 舒兰
18%
吉林 双辽
18%
黑龙江 安达
18%
湖南 常宁
18%
广西 平果
18%
陕西 兴平
18%
陕西 彬州
18%
No matching quizzes found
Score Distribution
Percent of People with Each Score
Percentile by Number Answered
Your Score History
You have not taken this quiz